Kỷ niệm 50 năm tuyên ngôn thế giới về nhân quyền 1948-1998

Quyển sách tập hợp các bài viết trong buổi toạ đàm của các đại biểu Quốc hội trong khuôn khổ kỳ họp thứ 4, Quốc hội khóa X nhân dịp kỷ niệm 50 năm ngày ra đời của tuyên ngôn nhân quyền thế giới....

Volledige beschrijving

Bewaard in:
Bibliografische gegevens
Coauteurs: Quốc hội nước cộng hòa Xã hội chủ nghĩa Việt Nam, Ủy ban đối ngoại
Formaat: Boek
Taal:Undetermined
Gepubliceerd in: Hà Nội [Quốc Hội] 1998
Onderwerpen:
Tags: Voeg label toe
Geen labels, Wees de eerste die dit record labelt!
Thư viện lưu trữ: Trung tâm Học liệu Trường Đại học Cần Thơ
LEADER 01135nam a2200217Ia 4500
001 CTU_136831
008 210402s9999 xx 000 0 und d
082 |a 323 
082 |b Qu451 
110 |a Quốc hội nước cộng hòa Xã hội chủ nghĩa Việt Nam 
110 |b Ủy ban đối ngoại 
245 0 |a Kỷ niệm 50 năm tuyên ngôn thế giới về nhân quyền 1948-1998 
245 0 |c Quốc hội nước cộng hòa Xã hội chủ nghĩa Việt Nam. Ủy Ban đối ngoại 
260 |a Hà Nội 
260 |b [Quốc Hội] 
260 |c 1998 
520 |a Quyển sách tập hợp các bài viết trong buổi toạ đàm của các đại biểu Quốc hội trong khuôn khổ kỳ họp thứ 4, Quốc hội khóa X nhân dịp kỷ niệm 50 năm ngày ra đời của tuyên ngôn nhân quyền thế giới. 
650 |a Human rights,Democracy,Trung tâm Học liệu ĐHCT 
650 |x Nhân quyền 
904 |i Năm 
980 |a Trung tâm Học liệu Trường Đại học Cần Thơ